Handbook of distributed feedback laser diodes / (Record no. 175704)
[ view plain ]
| 000 -LEADER | |
|---|---|
| fixed length control field | 01138 a2200205 4500 |
| 003 - CONTROL NUMBER IDENTIFIER | |
| control field | Nust |
| 005 - DATE AND TIME OF LATEST TRANSACTION | |
| control field | 20220812161932.0 |
| 010 ## - LIBRARY OF CONGRESS CONTROL NUMBER | |
| LC control number | 97004213 |
| 020 ## - INTERNATIONAL STANDARD BOOK NUMBER | |
| International Standard Book Number | 0890066078 |
| 040 ## - CATALOGING SOURCE | |
| Transcribing agency | Nust |
| 082 00 - DEWEY DECIMAL CLASSIFICATION NUMBER | |
| Classification number | 621.381522,MOR |
| 100 1# - MAIN ENTRY--PERSONAL NAME | |
| Personal name | Morthier, Geert. |
| 9 (RLIN) | 97044 |
| 245 10 - TITLE STATEMENT | |
| Title | Handbook of distributed feedback laser diodes / |
| Statement of responsibility, etc. | Geert Morthier, Patrick Vankwikelberge. |
| 260 ## - PUBLICATION, DISTRIBUTION, ETC. | |
| Place of publication, distribution, etc. | Boston : |
| Name of publisher, distributor, etc. | Artech House, |
| Date of publication, distribution, etc. | c1997. |
| 300 ## - PHYSICAL DESCRIPTION | |
| Extent | xiv, 315 p. : |
| Other physical details | ill. ; |
| Dimensions | 24 cm. |
| 505 ## - FORMATTED CONTENTS NOTE | |
| Formatted contents note | Introduction to Fabry -Perot and Distributed Feedback Laser Diodes (Page-1), Rate Equations Theory of Lase Diodes (Page-29), Coupled Mode Theory Of DFB Laser Diodes (Page-61), Appling the Coupled Mode Theory (Page-93), A Close Look at the Carrier Injections (Page-123), The Spectrum DFB Laser Diodes (Page-147), The IM and FM Behavior Of DFB Laser Diodes (Page-187),Harmonic and Inter mediation Distortion (Page-219), Noise Characteristics OF DFB Laser Diodes (Page-251), Fabrication and Packaging Of DFB Laser Diodes (Page-279), Epilogue (Page-293). |
| 650 #0 - SUBJECT ADDED ENTRY--TOPICAL TERM | |
| Topical term or geographic name entry element | Telecommunication Engineering. |
| 700 1# - ADDED ENTRY--PERSONAL NAME | |
| Personal name | Vankwikelberge, Patrick. |
| 9 (RLIN) | 97045 |
| 942 ## - ADDED ENTRY ELEMENTS (KOHA) | |
| Koha item type | Reference |
| Source of classification or shelving scheme | |
| Withdrawn status | Lost status | Source of classification or shelving scheme | Damaged status | Not for loan | Permanent Location | Current Location | Shelving location | Date acquired | Full call number | Barcode | Date last seen | Price effective from | Koha item type | Public note |
|---|---|---|---|---|---|---|---|---|---|---|---|---|---|---|
| Military College of Signals (MCS) | Military College of Signals (MCS) | Reference | 12/12/2016 | 621.381522,MOR | MCS26787 | 12/08/2016 | 12/12/2016 | Reference | Almirah No.21, Shelf No.4 |
